History Quiz

Random History or Politics Quiz

Beckett/Blair's shadow cabinets Quiz Stats

 Plays Quiz not verified by Sporcle

Score 0/45 Timer 12:00
0 Plays Today
Shadow Position Shadow Minister % Correct
Leader of Her Majesty's Most Loyal OppositionMargaret Beckett
100%
Deputy Leader of Her Majesty's Most Loyal OppositionJohn Prescott
100%
Shadow Secretary of State for EmploymentJohn Prescott
100%
Shadow Secretary of State for HealthMargaret Beckett
100%
Shadow Secretary of State for Trade and IndustryMargaret Beckett
100%
Leader of Her Majesty's Most Loyal OppositionTony Blair
93.3%
Shadow Chancellor of the ExchequerGordon Brown
93.3%
Shadow Foreign SecretaryRobin Cook
93.3%
Shadow Home SecretaryTony Blair
93.3%
Shadow Home SecretaryJack Straw
93.3%
Shadow Minister for Local Government and HousingJack Straw
93.3%
Shadow Secretary of State for Trade and IndustryRobin Cook
93.3%
Shadow Leader of the House of CommonsNick Brown
93.3%
Shadow Secretary of State for EducationDavid Blunkett
86.7%
Shadow Secretary of State for Education and EmploymentDavid Blunkett
86.7%
Shadow Secretary of State for HealthDavid Blunkett
86.7%
Shadow Secretary of State for National HeritageMo Mowlam
86.7%
Shadow Secretary of State for Northern IrelandMo Mowlam
86.7%
Shadow Secretary of State for EmploymentHarriet Harman
80%
Shadow Secretary of State for HealthHarriet Harman
80%
Shadow Secretary of State for Social SecurityHarriet Harman
80%
Shadow Secretary of State for TransportClare Short
73.3%
Shadow Minister for Overseas DevelopmentClare Short
73.3%
Shadow Position Shadow Minister % Correct
Shadow Secretary of State for WalesRon Davies
66.7%
Shadow Secretary of State for DefenceDavid Clark
60%
Shadow Secretary of State for the EnvironmentChris Smith
60%
Shadow Secretary of State for HealthChris Smith
60%
Shadow Secretary of State for Social SecurityChris Smith
60%
Shadow Secretary of State for National HeritageChris Smith
60%
Shadow Secretary of State for TransportAndrew Smith
60%
Shadow Secretary of State for ScotlandGeorge Robertson
60%
Shadow Lord ChancellorThe Lord Irvine of Lairg
53.3%
Shadow Secretary of State for the EnvironmentFrank Dobson
53.3%
Shadow Secretary of State for Social SecurityDonald Dewar
53.3%
Shadow Secretary of State for TransportFrank Dobson
53.3%
Shadow Foreign SecretaryJack Cunningham
46.7%
Shadow Secretary of State for EducationAnn Taylor
46.7%
Shadow Secretary of State for National HeritageJack Cunningham
46.7%
Shadow Secretary of State for Trade and IndustryJack Cunningham
46.7%
Shadow Minister of Agriculture, Fisheries and FoodGavin Strang
46.7%
Shadow Leader of the House of CommonsAnn Taylor
46.7%
Shadow Minister for Overseas DevelopmentTom Clarke
40%
Shadow Secretary of State for TransportMichael Meacher
26.7%
Shadow Secretary of State for Northern IrelandKevin McNamara
20%
Shadow Minister for Overseas DevelopmentJoan Lestor
20%

You're not logged in!

Compare scores with friends on all Sporcle quizzes.
OR
Log In

Sporcle TV

Today on Sporcle TV


Watch our educational content, quiz creation guides, and fun videos on Sporcle TV.

Show Comments

Extras

Top Quizzes Today


Score Distribution

Your Account Isn't Verified!

In order to create a playlist on Sporcle, you need to verify the email address you used during registration. Go to your Sporcle Settings to finish the process.

Report this User

Report this user for behavior that violates our Community Guidelines.

Details: